Engineering Mathematics:Programmes and problems (Record no. 63539)

000 -LEADER
fixed length control field 00539nam a22001937a 4500
003 - CONTROL NUMBER IDENTIFIER
control field NUST - PNEC
005 - DATE AND TIME OF LATEST TRANSACTION
control field 20170116180816.0
008 - FIXED-LENGTH DATA ELEMENTS--GENERAL INFORMATION
fixed length control field 150508b xxu||||| |||| 00| 0 eng d
020 ## - INTERNATIONAL STANDARD BOOK NUMBER
International Standard Book Number 0387912185
040 ## - CATALOGING SOURCE
Transcribing agency LIBRARY
082 ## - DEWEY DECIMAL CLASSIFICATION NUMBER
Classification number 510.2462 STR
100 ## - MAIN ENTRY--PERSONAL NAME
9 (RLIN) 3494
Personal name Stroud, K. A.;
245 ## - TITLE STATEMENT
Title Engineering Mathematics:Programmes and problems
Statement of responsibility, etc. K A Stroud
250 ## - EDITION STATEMENT
Edition statement 2nd ed.
260 ## - PUBLICATION, DISTRIBUTION, ETC.
Place of publication, distribution, etc. New York:
Name of publisher, distributor, etc. Springer-Verlag,
Date of publication, distribution, etc. c 1982.
300 ## - PHYSICAL DESCRIPTION
Extent 894 p . :
Dimensions 22 cm.
650 ## - SUBJECT ADDED ENTRY--TOPICAL TERM
9 (RLIN) 3495
Topical term or geographic name entry element Engineering mathematics.
General subdivision ME
942 ## - ADDED ENTRY ELEMENTS (KOHA)
Source of classification or shelving scheme
Koha item type Book
Holdings
Withdrawn status Lost status Source of classification or shelving scheme Damaged status Not for loan Permanent Location Current Location Shelving location Date acquired Source of acquisition Cost, normal purchase price Total Checkouts Full call number Barcode Date last seen Cost, replacement price Price effective from Koha item type
          Pakistan Navy Engineering College (PNEC) Pakistan Navy Engineering College (PNEC)   10/23/2000 Vanguard Book Co./Library/Reference Grant 2415.00   510.2462 STR PNECLIB-023145 05/27/2015 2415.00 10/23/2000 Book
© 2023 Central Library, National University of Sciences and Technology. All Rights Reserved.